Países por produção de energia eólica - Statistics

Estatísticas Gerais
  • Esse quiz foi jogado 32 vezes
  • A pontuação média é 12 de 15
Estatísticas das Respostas
Classificação Produção País % Correto
4 265 TWh Brasil
100%
1 2432 TWh China
100%
2 1117 TWh Estados Unidos
100%
8 115 TWh França
100%
3 339 TWh Alemanha
90%
7 153 TWh Espanha
90%
6 199 TWh Índia
87%
9 114 TWh Canada
84%
13 78 TWh Australia
77%
15 54 TWh Italia
74%
5 205 TWh Reino Unido
74%
10 99 TWh Sueçia
68%
12 81 TWh Paises-Baixos
58%
11 89 TWh Turquia
58%
14 63 TWh Polonia
48%
Nenhum quiz correspondente encontrado
Distribuição das Pontuações
Porcentagem de Pessoas com Cada Pontuação
Percentil de Números Respondidos
Sua Pontuação Histórica
Você não jogou esse quiz